[Event "Francophone-ch 1st"]
[Site "Hammamet "]
[Date "2010.04.25"]
[Round "8"]
[White "Jarraya, Zied"]
[Black "Gulbas, Cemil"]
[Result "0-1"]
[WhiteElo "2202"]
[BlackElo "2364"]
[PlyCount "128"]
[EventDate "2010.04.25"]
[EventType "swiss"]
[EventRounds "9"]
[EventCountry "TUN"]
[SourceTitle "EXT 2011"]
[Source "ChessBase"]
[SourceDate "2010.11.26"]
[SourceVersion "1"]
[SourceVersionDate "2010.11.26"]
[SourceQuality "1"]

1. e4 d6 2. d4 Nf6 3. Nc3 g6 4. Nf3 c6 5. a4 Bg7 6. h3 Qc7 7. Be3 0-0 8. Be2 Nbd7 9. 0-0 b6 10. Qd2 Bb7 11. Bh6 a6 12. Bxg7 Kxg7 13. Rfe1 e5 14. dxe5 dxe5 15. Rad1 b5 16. Qd6 Qxd6 17. Rxd6 Rfe8 18. Nd2 Nc5 19. axb5 cxb5 20. f3 Rac8 21. Nb3 Nxb3 22. cxb3 Rc7 23. Red1 Nh5 24. Kf2 Nf4 25. Bf1 Ne6 26. Rd7 Rec8 27. b4 Kf8 28. Rxc7 Rxc7 29. Rc1 Nd4 30. Bd3 Bc8 31. Bb1 Be6 32. Ba2 Bc8 33. Ne2 Rc2 34. Rxc2 Nxc2 35. Nc1 Nxb4 36. Bb1 Bd7 37. Nb3 Ke7 38. Ke3 Kd6 39. f4 f6 40. fxe5+ fxe5 41. h4 Be6 42. Nc1 a5 43. Kd2 Kc5 44. Kc3 Bc4 45. b3 Bf1 46. g4 h6 47. g5 hxg5 48. hxg5 Nc6 49. Bd3 b4+ 50. Kd2 Bxd3 51. Kxd3 Nd8 52. Ke3 Nf7 53. Nd3+ Kb5 54. Ke2 a4 55. bxa4+ Kxa4 56. Kd2 Ka3 57. Kc2 b3+ 58. Kc3 Nxg5 59. Nxe5 Nxe4+ 60. Kd4 Nd6 61. Nd3 b2 62. Nxb2 Kxb2 63. Ke5 Nf7+ 64. Kf6 g5 0-1

[Event "Francophone op 1st"]
[Site "Arvier"]
[Date "2009.10.01"]
[Round "7"]
[White "Hautot, Stephane"]
[Black "Jarraya, Zied"]
[Result "1-0"]
[WhiteElo "2420"]
[BlackElo "2192"]
[PlyCount "105"]
[EventDate "2009.09.27"]
[EventType "swiss"]
[EventRounds "9"]
[EventCountry "ITA"]
[SourceTitle "EXT 1999"]
[Source "ChessBase"]
[SourceDate "1998.11.16"]
[SourceVersion "1"]
[SourceVersionDate "1998.11.16"]
[SourceQuality "1"]

1. e4 c5 2. Nf3 d6 3. c3 Nf6 4. Be2 e6 5. 0-0 Be7 6. Re1 0-0 7. Bf1 Nc6 8. d4 cxd4 9. cxd4 e5 10. d5 Nb8 11. h3 Ne8 12. Nc3 f5 13. exf5 Bxf5 14. Bd3 Nd7 15. Bxf5 Rxf5 16. Nd2 Rc8 17. Nde4 a6 18. Be3 Rf7 19. Qb3 b6 20. Qa3 a5 21. Nb5 Ra8 22. Rad1 Nc5 23. Bxc5 bxc5 24. Qc3 Nc7 25. Nxc7 Qxc7 26. Re3 Rb8 27. b3 Rf4 28. g3 Rff8 29. Kg2 Qb7 30. Qc2 Qb4 31. Rc3 Qb7 32. Rc4 Qa6 33. Rd3 Rb4 34. a3 Rb7 35. Qd1 Qa8 36. Ra4 Qa6 37. Rc3 Bd8 38. Rf3 Rxf3 39. Qxf3 Rf7 40. Qd1 Qb6 41. Rc4 h6 42. Rc3 Be7 43. Qg4 Bf8 44. Qe6 Qd8 45. Rf3 Qd7 46. Qxf7+ Qxf7 47. Rxf7 Kxf7 48. Nd2 Kf6 49. Kf3 Be7 50. Nc4 Bd8 51. Nxd6 Bb6 52. Nc4 Bc7 53. Ke4 1-0